"C" Countries - World Map Sudden Death - Statistics

General Stats
  • This quiz has been taken 199,531 times
  • The average score is 12 of 18
Answers on the Grid
Answers color-coded by a green-red scale on the quiz's grid according to % correct below.
 
Answer Stats
Answer % Correct
Canada
90%
Canada
85%
Canada
83%
Cuba, Colombia, Costa Rica
80%
Canada
77%
Canada
77%
Cameroon, CAR, Chad
77%
China
71%
China, Cambodia
69%
Czechia, Croatia
68%
China
68%
Chile, Colombia
67%
Chile
62%
China
57%
China
43%
Comoros
37%
Cape Verde
36%
Cyprus
27%
No matching quizzes found
Score Distribution
Percent of People with Each Score
Percentile by Number Answered
Your Score History
You have not taken this quiz